Statistiques concernant Gentilé des pays en A

Cliquez ici pour prendre le quiz!

Statistiques générales

  • Ce quiz a été pris 69 fois
  • Le résultat moyen est 11 sur 14

Statistiques - réponses

PaysGentilé% Correct
AfghanistanAfghan
100%
AllemagneAllemand
100%
ArgentineArgentin
97%
AustralieAustralien
97%
AutricheAutrichien
97%
ArménieArménien
95%
AlbanieAlbanais
92%
AngolaAngolais
89%
AlgérieAlgériens
80%
Arabie SaouditeSaoudien
77%
Afrique du sudSud-Africain
73%
AzerbaïdjanAzerbaïdjanais
63%
AndorreAndorran
42%
Antigua-et-BarbudaAntiguayens, Antiguais-et-barbudiens
0%

Distribution des résultats

Percentile par nombre de réponses

% des personnes avec chaque résultat

Votre développement - résultats

Vous n’avez pas pris ce quiz